[Event "Sergipe-ch"]
[Site "Aracaju"]
[Date "2012.12.22"]
[Round "5"]
[White "Marques, Jose Gustavo Santos"]
[Black "Rodrigues, Natanael Isau Braz"]
[Result "0-1"]
[WhiteElo "1979"]
[BlackElo "1926"]
[PlyCount "66"]
[EventDate "2012.12.20"]
[EventType "swiss"]
[EventRounds "5"]
[EventCountry "BRA"]
[SourceTitle "EXT 2022"]
[Source "ChessBase"]
[SourceDate "2021.10.06"]
[SourceVersion "1"]
[SourceVersionDate "2021.10.06"]
[SourceQuality "1"]

1. d4 d6 2. e4 Nf6 3. Nc3 g6 4. Nf3 Bg7 5. Be2 c5 6. Be3 Qa5 7. 0-0 cxd4 8. Bxd4 Nc6 9. Be3 0-0 10. a3 Nd7 11. Bd2 Qd8 12. Qc1 Re8 13. Rb1 b6 14. b4 Bb7 15. Nd5 Nde5 16. Nxe5 Nxe5 17. f3 Bxd5 18. exd5 Qc7 19. f4 Nc4 20. Rb3 b5 21. Bc3 Qb6+ 22. Kh1 Rac8 23. Bxg7 Kxg7 24. f5 Ne5 25. Qd2 Rg8 26. Rh3 Rh8 27. Qh6+ Kg8 28. fxg6 fxg6 29. Rh4 Nf7 30. Qf4 Rf8 31. Rh3 Kg7 32. Bg4 h6 33. Qd2 Ng5 0-1